Kaliyat-e-Safari / (Record no. 526637)

000 -LEADER
fixed length control field 00564nam a22001937a 4500
003 - CONTROL NUMBER IDENTIFIER
control field NUST
005 - DATE AND TIME OF LATEST TRANSACTION
control field 20190715055516.0
008 - FIXED-LENGTH DATA ELEMENTS--GENERAL INFORMATION
fixed length control field 190715b ||||| |||| 00| 0 eng d
020 ## - INTERNATIONAL STANDARD BOOK NUMBER
Qualifying information Hardcover.
038 ## - RECORD CONTENT LICENSOR
Staff Name waseem
082 ## - DEWEY DECIMAL CLASSIFICATION NUMBER
Classification number 891.421
Author Mark SAF
100 ## - MAIN ENTRY--PERSONAL NAME
Personal name Safari, Muhammad Ismail
9 (RLIN) 17638
245 ## - TITLE STATEMENT
Title Kaliyat-e-Safari /
Statement of responsibility, etc. Muhammad Ismail Safari
260 ## - PUBLICATION, DISTRIBUTION, ETC.
Place of publication, distribution, etc. Faisalabad :
Name of publisher, distributor, etc. Hum Khayal Publishers,
Date of publication, distribution, etc. 2002.
300 ## - PHYSICAL DESCRIPTION
Extent 290 p. ;
880 ## - ALTERNATE GRAPHIC REPRESENTATION
Linkage 100-01\r
Title محمد اسمعٰیل سفری
880 ## - ALTERNATE GRAPHIC REPRESENTATION
Linkage 245-02\r
Title کلیاتِ سفری /
942 ## - ADDED ENTRY ELEMENTS (KOHA)
Source of classification or shelving scheme
Koha item type Book
Holdings
Withdrawn status Lost status Source of classification or shelving scheme Damaged status Not for loan Permanent Location Current Location Shelving location Date acquired Total Checkouts Full call number Barcode Date last seen Price effective from Koha item type
          Central Library (CL) Central Library (CL) Punjabi Literature 07/15/2019   891.421 SAF CL-E-1374 07/15/2019 07/15/2019 Book
© 2023 Central Library, National University of Sciences and Technology. All Rights Reserved.